Statistics for Fancy Vocabulary: Genius Level

Click here to take the quiz!

General Stats

  • This quiz has been taken 321 times
  • The average score is 3 of 26

Answer Stats

Definition Answer % Correct
Love of foreignersXe{nophilia}
64%
To spend time aimlesslyLoll{ygag}
40%
Excessive teeth-grindingBru{xism}
30%
Able to be described in wordsEf{fable}
24%
Female water spiritUnd{ine}
21%
Fairy-tale roosterChan{ticleer}
18%
Relating to the seaThal{assic}
17%
Tear something up by the rootsDera{cinate}
13%
Mechanical model of the solar systemOrr{ery}
12%
Person who performs karateKara{teka}
12%
A person's big toeHa{llux}
12%
24 or 25 pages of paperQu{ire}
11%
Habitual drinker of alcoholWineb{ibber}
6%
A pus-filled boilFur{uncle}
6%
Ridge of ice on a glacierSer{ac}
5%
Having only one testicleMon{orchid}
5%
Relating to the jawsGn{athic}
3%
A book printed pre-1501Incun{abulum}
2%
The study of the planet JupiterZen{ography}
2%
A flourish after a signaturePar{aph}
2%
Give birth to a lamb or kidY{ean}
1%
Pertaining to breakfastJen{tacular}
1%
A bright orange-red colourNac{arat}
1%
Shrewd, perceptiveArg{ute}
1%
Neighbouring, adjacentVic{inal}
1%
A new shoot from the base of a plantRa{toon}
0%

Score Distribution

Percentile by Number Answered

Percent of People with Each Score

Your Score History

You have not taken this quiz